| 000 -LEADER |
| fixed length control field |
01376cam a2200337 a 4500 |
| 001 - CONTROL NUMBER |
| control field |
17134641 |
| 003 - CONTROL NUMBER IDENTIFIER |
| control field |
ASAB |
| 005 - DATE AND TIME OF LATEST TRANSACTION |
| control field |
20170215160650.0 |
| 008 - FIXED-LENGTH DATA ELEMENTS--GENERAL INFORMATION |
| fixed length control field |
120125s2011 gw a b 001 0 eng |
| 010 ## - LIBRARY OF CONGRESS CONTROL NUMBER |
| LC control number |
2011293755 |
| 020 ## - INTERNATIONAL STANDARD BOOK NUMBER |
| International Standard Book Number |
9783527326372 |
| 040 ## - CATALOGING SOURCE |
| Original cataloging agency |
DLC |
| Transcribing agency |
ASAB |
| Modifying agency |
DLC |
| 041 1# - LANGUAGE CODE |
| Language code of text/sound track or separate title |
eng |
| Language code of original |
ger |
| 042 ## - AUTHENTICATION CODE |
| Authentication code |
pcc |
| 050 00 - LIBRARY OF CONGRESS CALL NUMBER |
| Classification number |
TP248.2 |
| Item number |
.I6813 2011 |
| 082 00 - DEWEY DECIMAL CLASSIFICATION NUMBER |
| Classification number |
660.6 |
| Edition number |
23 |
| 245 03 - TITLE STATEMENT |
| Title |
An introduction to molecular biotechnology : |
| Remainder of title |
fundamentals, methods, and applications / |
| Statement of responsibility, etc. |
edited by Michael Wink. |
| 246 30 - VARYING FORM OF TITLE |
| Title proper/short title |
Molecular biotechnology |
| 250 ## - EDITION STATEMENT |
| Edition statement |
2nd, updated ed. |
| 260 ## - PUBLICATION, DISTRIBUTION, ETC. |
| Place of publication, distribution, etc. |
Weinheim : |
| Name of publisher, distributor, etc. |
Wiley-Blackwell, |
| Date of publication, distribution, etc. |
c2011. |
| 300 ## - PHYSICAL DESCRIPTION |
| Extent |
xxxii, 601 p. : |
| Other physical details |
ill. (some col.) ; |
| Dimensions |
24 cm. |
| 504 ## - BIBLIOGRAPHY, ETC. NOTE |
| Bibliography, etc. note |
Includes bibliographical references (p. 535-549) and index. |
| 650 #0 - SUBJECT ADDED ENTRY--TOPICAL TERM |
| Topical term or geographic name entry element |
Biotechnology. |
| 650 #0 - SUBJECT ADDED ENTRY--TOPICAL TERM |
| Topical term or geographic name entry element |
Genetic engineering. |
| 650 #0 - SUBJECT ADDED ENTRY--TOPICAL TERM |
| Topical term or geographic name entry element |
Molecular biology. |
| 700 1# - ADDED ENTRY--PERSONAL NAME |
| Personal name |
Wink, Michael. |
| 856 42 - ELECTRONIC LOCATION AND ACCESS |
| Materials specified |
Contributor biographical information |
| Uniform Resource Identifier |
<a href="http://www.loc.gov/catdir/enhancements/fy1210/2011293755-b.html">http://www.loc.gov/catdir/enhancements/fy1210/2011293755-b.html</a> |
| 856 42 - ELECTRONIC LOCATION AND ACCESS |
| Materials specified |
Publisher description |
| Uniform Resource Identifier |
<a href="http://www.loc.gov/catdir/enhancements/fy1210/2011293755-d.html">http://www.loc.gov/catdir/enhancements/fy1210/2011293755-d.html</a> |
| 856 41 - ELECTRONIC LOCATION AND ACCESS |
| Materials specified |
Table of contents only |
| Uniform Resource Identifier |
<a href="http://www.loc.gov/catdir/enhancements/fy1210/2011293755-t.html">http://www.loc.gov/catdir/enhancements/fy1210/2011293755-t.html</a> |
| 906 ## - LOCAL DATA ELEMENT F, LDF (RLIN) |
| a |
7 |
| b |
cbc |
| c |
origcop |
| d |
3 |
| e |
epcn |
| f |
20 |
| g |
y-gencatlg |
| 942 ## - ADDED ENTRY ELEMENTS (KOHA) |
| Source of classification or shelving scheme |
|
| Koha item type |
Book |